Nuestros procedimientos operatorios ante los hipospadias penobalánicos y penoescrotales / (Record no. 138329)

MARC details
000 -LEADER
campo de control de longitud fija 00690nam a2200169 4500
001 - NÚMERO DE CONTROL
campo de control 138329
003 - IDENTIFICADOR DE NÚMERO DE CONTROL
campo de control ES-MaACL
005 - FECHA Y HORA DE LA ÚLTIMA TRANSACCIÓN
campo de control 20230906195538.0
007 - CAMPO FIJO DE DESCRIPCIÓN FÍSICA--INFORMACIÓN GENERAL
campo de control de longitud fija t|
008 - DATOS DE LONGITUD FIJA--INFORMACIÓN GENERAL
campo de control de longitud fija 070214s1932 sp r ||||1| spa d
100 1# - ENTRADA PRINCIPAL--NOMBRE DE PERSONA
Nombre de persona Sanchís Perpiñá, Vicente.
9 (RLIN) 103019
245 10 - MENCIÓN DEL TÍTULO
Título Nuestros procedimientos operatorios ante los hipospadias penobalánicos y penoescrotales /
Mención de responsabilidad, etc. por V. Sanchís Perpiñá.
260 ## - PUBLICACIÓN, DISTRIBUCIÓN, ETC.
Lugar de publicación, distribución, etc. Madrid :
Nombre del editor, distribuidor, etc. [s. n.],
Fecha de publicación, distribución, etc. 1932.
300 ## - DESCRIPCIÓN FÍSICA
Extensión 17 h. :
Otras características físicas il. ;
Dimensiones 24 x 17 cm.
500 ## - NOTA GENERAL
Nota general Publicado en: Archivos de Medicina, Cirugía y Especialidades, nº 639. Y también en: Actas de la Sociedad de Cirugía de Madrid, t. I, fasc. 2º, enero-marzo 1932.
852 ## - LOCALIZACIÓN
Ubicación ES-MaACL
Número de control de estantería 1761-F-5
Holdings
Estatus retirado Estado de pérdida Estado de daño No para préstamo Colección Biblioteca de origen Biblioteca actual Ubicación en estantería Fecha de adquisición Fuente de adquisición Total de préstamos Signatura topográfica completa Código de barras Visto por última vez Precio de reemplazo Tipo de ítem Koha
        Colección de folletos Biblioteca del Ateneo de Madrid Biblioteca del Ateneo de Madrid Depósito folletos 17/01/2008     1761-F-5 1143939 23/02/2023 23/02/2023 Folleto